| 000 | 00847nam a22002177a 4500 | ||
|---|---|---|---|
| 999 |
_c2021 _d2021 |
||
| 003 | AR-CdUCM | ||
| 008 | 190228b ||||| |||| 00| 0 spa d | ||
| 040 |
_aMUNICIPALIDAD PROVINCIAL DEL CUSCO _cBIBLIOTECA MUNICIPAL DEL CUSCO |
||
| 082 |
_22ed. _a261 / _bP44 |
||
| 100 |
_aPérez, Juan - Manuel _97346 |
||
| 245 |
_aEvangelio y Libertad : _bPrimeros Dominicanos en América / _cPérez, Juan - Manuel |
||
| 260 |
_aCusco : _bBartolome de las Casas, _c1988. |
||
| 300 |
_a170 paginas ; _bilustraciones, _c20cm. |
||
| 505 | _aLas Circunstancias -- La denuncia -- Lucha en dos frentes -- Proyecto Apostolico -- La vigencia del Proyecto... | ||
| 650 |
_aProyecto _97347 |
||
| 650 |
_aEvangelizador _97348 |
||
| 650 |
_aCristianismo en America Latina _97349 |
||
| 700 |
_aPérez, Juan - Manuel _97346 |
||
| 942 |
_2ddc _cLIBROS |
||
| 945 |
_apjha _d2019-02-28 |
||